=LDR 00000nam 2200000 4500 =001 NUTBA000000000002609 =005 20140623103114.0 =006 =007 =008 =020 ##$$a 978-602-8519-15-4 =035 ##$$a 0010-061400000000552 =040 ##$$a NBPDMAT =082 ##$$a 394.3 =090 ##$$a 394.3 $b And p =100 ##$$a Andarini =245 ##$$a Permainan tradisional indonesia / $c penulis Andarini ; editor Morina Cindo =250 ##$$a Cet.1 =260 ##$$a Jakarta : $b CV.Ghina Walafafa, $c 2010 =300 ##$$a iv, 64 hlm. : $b ilus. ; $c 25 cm. =500 ##$$a Biblliografi : hlm. 64 =650 ##$$a Permainan Tradisional =700 ##$$a Morina Cindo =850 ##$$a NBPDMAT =990 ##$$a 21402767